Star Wars Characters Anagrams - Statistics

General Stats
  • This quiz has been taken 79 times
  • The average score is 5 of 16
Answer Stats
Hint Answer % Correct
Halos On Han Solo
89%
Weak Bib Onion Obi Wan Kenobi
79%
Weakly Skulker Luke Skywalker
69%
Advert Hard Darth Vader
51%
Bathtub Ah Jet Jabba the Hutt
38%
Baubles Sebulba
30%
Ammo Month Mon Mothma
23%
Our Sadist Hid Darth Sidious
20%
Awed Cumin Mace Windu
15%
Ran Social Island Lando Calrissian
13%
Satan Hooka Ahsoka Tano
8%
Universal Ore Egg General Grievous
7%
Rabies Offers Barriss Offee
4%
Dwelling Tease Wedge Antilles
4%
Jeans Jars Vest Asajj Ventress
3%
Passage Verso Savage Opress
1%
No matching quizzes found
Score Distribution
Percent of People with Each Score
Percentile by Number Answered
Your Score History
You have not taken this quiz